Pokemon - Eau - Statistiques

Statistiques générales
  • Ce quiz a été pris 26 fois
  • Le résultat moyen est 16 sur 20
Statistiques - réponses
Questions submergantes Glou Glou % Correct
Starter de Johto Kaiminus
100%
J'adopte la forme pluie Morphéo
96%
Attaque faisant pleuvoir Danse pluie
92%
Kyogre est le pokémon phare du jeu Saphir
92%
Attaque permettant de voyager sur la mer Surf
92%
Je suis un taupiqueur aquatique Taupikeau
92%
Attaque fétiche de magicarpe Trempette
92%
Le plus gros pokemon aquatique Wailord
92%
Talent doublant la vitesse sous la pluie Glissade
88%
Je suis un coeur aquatique Lovdisc
81%
Seul pokemon avec le double type eau-acier Pingoléon
81%
Objet permettant d'obtenir un Hyporoi Ecaille draco
77%
Objet permettant d'obtenir un roigada Roche Royale
77%
Ville d'Ondine Azuria
69%
Sur galar je prends le type spectre Corayon
69%
Pokemon du futur ayant ce type Hotte de fer
69%
Objet augmentant les attaques eau Eau mystique
65%
Talent permettant de gagner des PV en recevant des attaques eau Absorbe-eau
62%
Objet permettant de réaliser une capacité Z de type eau Aquazélite
54%
L'un des trois champion d'Unys Noa
50%
Aucun quiz correspondant
Distribution des résultats
% des personnes avec chaque résultat
Percentile par nombre de réponses
Votre historique - résultats
Vous n’avez pas pris ce quiz